[Event "XV C.to Mondiale seniores"]
[Site "Lignano Sabbiadoro ITA"]
[Date "2005.10.09"]
[Round "11"]
[White "Khazankin, Moisei"]
[Black "Rosino, Antonio"]
[Result "0-1"]
[WhiteElo "2139"]
[BlackElo "2285"]
[PlyCount "176"]
[EventDate "2005.09.28"]

1. e4 e5 2. Nf3 Nc6 3. Bb5 a6 4. Ba4 Nf6 5. Bxc6 dxc6 6. d3 Nd7 7. Nbd2 Be7 8.
Nc4 Bf6 9. b3 O-O 10. Bb2 Re8 11. O-O c5 12. a4 b6 13. Ra2 Bb7 14. Qa1 Qe7 15.
Re1 g6 16. Ne3 Qe6 17. c4 Bg7 18. Bc3 a5 19. h3 Nb8 20. Nd5 Qd6 21. Nh2 Nc6 22.
Qd1 Nd4 23. Ne3 Rad8 24. Rd2 c6 25. Bxd4 Qxd4 26. Nf3 Qc3 27. Qb1 Bh6 28. Rc1
Qb4 29. Qb2 Bxe3 30. fxe3 b5 31. Ne1 bxa4 32. bxa4 Ba6 33. Qc2 Rb8 34. Rf2 Qa3
35. Qd1 Bc8 36. Ra1 Qc3 37. Rc1 Qb4 38. Qf3 Be6 39. Qf6 Qa3 40. Rcc2 Rb1 41.
Rf1 Qb4 42. Re2 Qc3 43. h4 h5 44. g4 hxg4 45. Kg2 Rb2 46. Rxb2 Qxb2+ 47. Rf2
Qc3 48. Re2 Rb8 49. h5 gxh5 50. Kg3 Rc8 51. Qe7 Qb4 52. Nc2 Qb6 53. Qg5+ Kf8
54. Rh2 Qd8 55. Qxe5 Qxd3 56. Rxh5 Ke7 57. Qxc5+ Qd6+ 58. Qxd6+ Kxd6 59. Rxa5
Rh8 60. Nd4 Rh3+ 61. Kg2 Rxe3 62. Nf5+ Bxf5 63. exf5 Rc3 64. Ra7 f6 65. a5 Rxc4
66. a6 Ra4 67. Ra8 Ke5 68. a7 Kxf5 69. Kg3 Ra3+ 70. Kg2 c5 71. Rc8 Rxa7 72.
Rxc5+ Kf4 73. Rc4+ Kg5 74. Rc6 f5 75. Rc5 Ra2+ 76. Kg3 Ra3+ 77. Kg2 Rd3 78. Ra5
Kf4 79. Ra4+ Ke5 80. Ra8 Ke4 81. Re8+ Kf4 82. Re1 Rd2+ 83. Kg1 Kf3 84. Rf1+ Kg3
85. Ra1 f4 86. Kh1 Rh2+ 87. Kg1 f3 88. Ra3 Rb2 0-1

[Event "XV C.to Mondiale seniores"]
[Site "Lignano Sabbiadoro ITA"]
[Date "2005.10.09"]
[Round "11"]
[White "Klovans, Janis"]
[Black "Jansa, Vlastimil"]
[Result "1/2-1/2"]
[WhiteElo "2463"]
[BlackElo "2511"]
[PlyCount "92"]
[EventDate "2005.09.28"]

1. e4 c5 2. Nf3 d6 3. d4 cxd4 4. Nxd4 Nf6 5. Nc3 e6 6. Be2 Be7 7. O-O O-O 8. f4
a6 9. Kh1 Qc7 10. a4 Nc6 11. Be3 Re8 12. Nb3 b6 13. Qe1 Nb4 14. Nd4 Bb7 15. Bf3
Rac8 16. Qg3 Bf8 17. Rae1 Kh8 18. Rf2 d5 19. e5 Ne4 20. Bxe4 dxe4 21. Ref1 g6
22. h4 Nc6 23. Nxc6 Bxc6 24. h5 b5 25. axb5 axb5 26. hxg6 fxg6 27. Ne2 Bd5 28.
Nd4 Qb7 29. Rd1 Rc7 30. Rfd2 Rf7 31. Qg4 b4 32. Qh3 Qa6 33. Qg4 Rc8 34. Kh2
Rcc7 35. Qh3 Rb7 36. g4 Bg7 37. Qg3 Rbe7 38. Kg1 Re8 39. Rh2 Qb7 40. Qh3 Bf8
41. Rf2 Kg8 42. Kh2 Bg7 43. Rh1 Bf8 44. Rg1 Bg7 45. Rh1 Bf8 46. Rg1 Bg7 1/2-1/2

[Event "XV C.to Mondiale seniores"]
[Site "Lignano Sabbiadoro ITA"]
[Date "2005.10.09"]
[Round "11"]
[White "Klundt, Klaus"]
[Black "Loktiev, Ivan"]
[Result "1/2-1/2"]
[WhiteElo "2382"]
[BlackElo "2396"]
[PlyCount "27"]
[EventDate "2005.09.28"]

1. e4 e5 2. Nf3 Nf6 3. d4 Nxe4 4. Bd3 Nc6 5. Nxe5 Nxe5 6. Bxe4 d5 7. dxe5 dxe4
8. Qxd8+ Kxd8 9. Bg5+ Be7 10. Bxe7+ Kxe7 11. Nc3 Bf5 12. Nd5+ Kd7 13. O-O-O
Rad8 14. g4 1/2-1/2

[Event "XV C.to Mondiale seniores"]
[Site "Lignano Sabbiadoro ITA"]
[Date "2005.10.09"]
[Round "11"]
[White "Kock, Hans-Uwe"]
[Black "Kristiansen, Erling"]
[Result "1/2-1/2"]
[WhiteElo "2127"]
[BlackElo "2266"]
[PlyCount "97"]
[EventDate "2005.09.28"]

1. d4 Nf6 2. c4 g6 3. Nc3 d5 4. Nf3 Bg7 5. cxd5 Nxd5 6. e4 Nxc3 7. bxc3 c5 8.
Rb1 O-O 9. Be2 Qa5 10. Qd2 a6 11. O-O Nc6 12. Qb2 Bg4 13. Be3 b5 14. Rfc1 cxd4
15. Nxd4 Bxe2 16. Nxc6 Qc7 17. Nxe7+ Qxe7 18. Qxe2 Qxe4 19. c4 Bd4 20. Qf3 Qxf3
21. gxf3 Bxe3 22. fxe3 Rfd8 23. cxb5 axb5 24. Rc2 Ra3 25. Kf2 Rd5 26. f4 Rh5
27. Rb3 Rxh2+ 28. Kf3 Rxb3 29. Rxh2 Rb4 30. e4 Kg7 31. Rc2 Ra4 32. e5 Ra3+ 33.
Ke4 h5 34. Rc5 b4 35. Rc4 h4 36. Rxb4 h3 37. Rb2 Kh6 38. Rf2 Kh5 39. f5 Ra4+
40. Kd5 Rh4 41. fxg6 Kxg6 42. Rh2 Kf5 43. Kd6 Kf4 44. Rf2+ Kg3 45. Rxf7 h2 46.
Rf1 h1=Q 47. Rxh1 Rxh1 48. e6 Rd1+ 49. Kc7 1/2-1/2

[Event "XV C.to Mondiale seniores"]
[Site "Lignano Sabbiadoro ITA"]
[Date "2005.10.09"]
[Round "11"]
[White "Krasevec, Viktor"]
[Black "Hicker, Harald"]
[Result "1/2-1/2"]
[WhiteElo "2065"]
[BlackElo "2171"]
[PlyCount "56"]
[EventDate "2005.09.28"]

1. d4 d5 2. c4 e6 3. Nc3 Nf6 4. Bg5 Be7 5. e3 O-O 6. cxd5 exd5 7. Bd3 Nbd7 8.
Nf3 Re8 9. O-O c6 10. Qc2 Nf8 11. Ne5 Ng4 12. Bxe7 Qxe7 13. Nxg4 Bxg4 14. Rae1
Qh4 15. f3 Bd7 16. Qf2 Qxf2+ 17. Kxf2 f5 18. h4 g6 19. b4 Ne6 20. g3 Nc7 21.
Rb1 a6 22. a4 Re7 23. a5 Rae8 24. Rfe1 Ne6 25. Na4 Nf8 26. Nc5 Bc8 27. Rbc1 Ne6
28. Bf1 Nxc5 1/2-1/2

[Event "XV C.to Mondiale seniores"]
[Site "Lignano Sabbiadoro ITA"]
[Date "2005.10.09"]
[Round "11"]
[White "Kummer, Heinz"]
[Black "Neudel, Bernd"]
[Result "1/2-1/2"]
[WhiteElo "1998"]
[BlackElo "1904"]
[PlyCount "22"]
[EventDate "2005.09.28"]

1. e4 c5 2. Nf3 d6 3. d4 cxd4 4. Nxd4 Nf6 5. Nc3 Nc6 6. Be2 g6 7. Be3 Bg7 8.
Qd2 a6 9. f3 Qc7 10. g4 Nxd4 11. Bxd4 Be6 1/2-1/2

[Event "XV C.to Mondiale seniores"]
[Site "Lignano Sabbiadoro ITA"]
[Date "2005.10.09"]
[Round "11"]
[White "Laco, Giuseppe"]
[Black "MacDonald-Ross, Michael"]
[Result "1/2-1/2"]
[WhiteElo "2104"]
[BlackElo "2233"]
[PlyCount "38"]
[EventDate "2005.09.28"]

1. c4 e6 2. b3 Nf6 3. Bb2 d5 4. e3 b6 5. f4 Bb7 6. Nf3 Be7 7. Qc2 Nbd7 8. Nc3
O-O 9. Be2 Nc5 10. b4 Nce4 11. d3 Nxc3 12. Qxc3 a5 13. a3 axb4 14. axb4 Rxa1+
15. Bxa1 Qd6 16. b5 Qb4 17. O-O Qxc3 18. Bxc3 dxc4 19. dxc4 Ra8 1/2-1/2

[Event "XV C.to Mondiale seniores"]
[Site "Lignano Sabbiadoro ITA"]
[Date "2005.10.09"]
[Round "11"]
[White "Limberg, Siegfried"]
[Black "Gousseinov, Aguif"]
[Result "1/2-1/2"]
[WhiteElo "2143"]
[BlackElo "2066"]
[PlyCount "66"]
[EventDate "2005.09.28"]

1. d4 Nf6 2. Nf3 e6 3. e3 b6 4. Bd3 Bb7 5. Nbd2 d5 6. O-O c5 7. b3 Nc6 8. a3
cxd4 9. exd4 Rc8 10. Bb2 Bd6 11. Ne5 O-O 12. f4 Nd7 13. Qe2 g6 14. Rf3 Qe7 15.
b4 f5 16. Re1 Nf6 17. g3 Ne4 18. Nb3 Nb8 19. Rff1 Nd7 20. Rc1 Ndf6 21. Nd2 Kg7
22. Nxe4 Nxe4 23. c4 dxc4 24. Bxc4 Bd5 25. Bxd5 exd5 26. Qb5 Qe6 27. Rxc8 Rxc8
28. Rc1 Rxc1+ 29. Bxc1 Qc8 30. Qc6 Qa6 31. Qd7+ Kg8 32. Qe6+ Kg7 33. Qd7+ Kg8
1/2-1/2

[Event "XV C.to Mondiale seniores"]
[Site "Lignano Sabbiadoro ITA"]
[Date "2005.10.09"]
[Round "11"]
[White "Ljubarskij, Juri"]
[Black "Bondick, Karl-Heinz"]
[Result "1-0"]
[WhiteElo "2290"]
[BlackElo "2133"]
[PlyCount "79"]
[EventDate "2005.09.28"]

1. e4 e5 2. Nf3 f5 3. Nxe5 Nc6 4. Qh5+ g6 5. Nxg6 Nf6 6. Qh3 Rg8 7. Nxf8 Qe7 8.
Qe3 Ng4 9. Qf4 d5 10. h3 Nf6 11. Nc3 Rxf8 12. Be2 fxe4 13. O-O Be6 14. Bb5
O-O-O 15. Bxc6 bxc6 16. d4 Rg8 17. Qh4 Rg6 18. Ne2 Rdg8 19. Nf4 R6g7 20. a4 Bf5
21. Ra3 Qf7 22. Rg3 Ne8 23. Rxg7 Qxg7 24. Be3 Nd6 25. b3 Bd7 26. c3 Be8 27. f3
exf3 28. Rxf3 Bd7 29. Qe1 Bf5 30. Kh2 Ne4 31. Bf2 Qg5 32. Bh4 Qg7 33. Qe2 Kd7
34. Nd3 Be6 35. Ne5+ Kd6 36. b4 Qh6 37. Qa6 Qxh4 38. Qxc6+ Ke7 39. Rf7+ Bxf7
40. Qd7+ 1-0

[Event "XV C.to Mondiale seniores"]
[Site "Lignano Sabbiadoro ITA"]
[Date "2005.10.09"]
[Round "11"]
[White "Luecke, Volkmar"]
[Black "Hocevar, Nikola"]
[Result "1/2-1/2"]
[WhiteElo "2017"]
[BlackElo "2093"]
[PlyCount "21"]
[EventDate "2005.09.28"]

1. Nf3 c5 2. g3 Nf6 3. Bg2 g6 4. b3 Bg7 5. Bb2 O-O 6. c4 Nc6 7. O-O d6 8. d3 h6
9. Nbd2 Be6 10. e3 d5 11. Ne5 1/2-1/2

[Event "XV C.to Mondiale seniores"]
[Site "Lignano Sabbiadoro ITA"]
[Date "2005.10.09"]
[Round "11"]
[White "Maissenbacher, Werner"]
[Black "Ollek, Karl Heinz"]
[Result "0-1"]
[WhiteElo "1981"]
[BlackElo "1807"]
[PlyCount "76"]
[EventDate "2005.09.28"]

1. e4 g6 2. d4 Bg7 3. c4 d6 4. Nc3 Nf6 5. Bd3 O-O 6. Nge2 e5 7. d5 Na6 8. a3
Nc5 9. Bc2 a5 10. O-O Bd7 11. f3 h6 12. Be3 b6 13. Qd2 Kh7 14. Kh1 a4 15. Rg1
Qe8 16. Qe1 Ng8 17. g4 Nb3 18. Rd1 f5 19. gxf5 gxf5 20. Qg3 Bh8 21. exf5 Bxf5
22. Bxf5+ Rxf5 23. Ne4 Qh5 24. Rdf1 Raf8 25. Rg2 Ne7 26. Ng1 Rg8 27. Qf2 Rxg2
28. Qxg2 Rf8 29. Nc3 Rg8 30. Qc2+ Qf5 31. Qd1 Qg6 32. Qb1 Nf5 33. Rf2 Nxe3 34.
Qxg6+ Rxg6 35. Nxa4 Bf6 36. Nc3 Nd4 37. f4 Bh4 38. Rd2 Rxg1+ 0-1

[Event "XV C.to Mondiale seniores"]
[Site "Lignano Sabbiadoro ITA"]
[Date "2005.10.09"]
[Round "11"]
[White "Masich, Vladimir"]
[Black "Zurel, Maxim"]
[Result "1-0"]
[WhiteElo "2072"]
[BlackElo "1945"]
[PlyCount "121"]
[EventDate "2005.09.28"]

1. Nf3 Nf6 2. d4 d6 3. c4 g6 4. Nc3 Bg7 5. e4 O-O 6. Be2 e5 7. O-O Nc6 8. d5
Ne7 9. b4 Nh5 10. Re1 f5 11. Bf1 f4 12. c5 Bf6 13. Ba3 a6 14. Rc1 Bd7 15. Be2
Ng7 16. cxd6 cxd6 17. Nd2 h5 18. b5 Ne8 19. bxa6 bxa6 20. Nc4 Bb5 21. Nb1 Nc8
22. Nbd2 Bg5 23. Rc3 Rf7 24. Bb4 Qf6 25. a4 Bd7 26. Na5 Nb6 27. Nc6 Bc8 28. a5
Nd7 29. Qc2 Bb7 30. Rb1 Nc7 31. Ne7+ Qxe7 32. Rxc7 Rb8 33. Bxd6 Qxd6 34. Rcxb7
Rxb7 35. Rxb7 Nc5 36. Rb6 Qf8 37. Rxg6+ Rg7 38. Rxg7+ Kxg7 39. Bxh5 Bd8 40. Nc4
Bf6 41. Bf3 Nd7 42. Nb6 Qc5 43. Qxc5 Nxc5 44. Nc4 Kf8 45. Kf1 Bd8 46. Ke2 Kg7
47. Nxe5 Bxa5 48. Nd3 Bb6 49. Nxc5 Bxc5 50. Bg4 Kf6 51. Bd7 Ke5 52. Kf3 Be7 53.
Ba4 a5 54. g3 Bg5 55. h4 Bh6 56. g4 Bf8 57. Bc2 Bd6 58. g5 Kd4 59. h5 Be5 60.
h6 Kc5 61. g6 1-0

[Event "XV C.to Mondiale seniores"]
[Site "Lignano Sabbiadoro ITA"]
[Date "2005.10.09"]
[Round "11"]
[White "Maugg, Ludwig"]
[Black "Kaminik, Aleksandar"]
[Result "0-1"]
[WhiteElo "2125"]
[BlackElo "2278"]
[PlyCount "76"]
[EventDate "2005.09.28"]

1. d4 Nf6 2. c4 g6 3. Nc3 Bg7 4. e4 d6 5. Be2 O-O 6. Nf3 Bg4 7. Be3 Nfd7 8. Rc1
c5 9. d5 Na6 10. h3 Bxf3 11. Bxf3 Nc7 12. h4 a6 13. a4 Rb8 14. Be2 h5 15. g4
hxg4 16. Bxg4 b5 17. axb5 axb5 18. b3 bxc4 19. bxc4 Rb4 20. Be2 Ne5 21. Na2 Rb2
22. Rc2 Rxc2 23. Qxc2 e6 24. f4 Nd7 25. h5 exd5 26. exd5 Re8 27. Rh3 Qf6 28.
hxg6 fxg6 29. Bd2 Nf8 30. Nc3 Qd4 31. Kd1 Na6 32. Qa4 Qg1+ 33. Be1 Nc7 34. Rg3
Qh2 35. Qc2 Na6 36. Ne4 Nb4 37. Bxb4 cxb4 38. Rf3 b3 0-1

[Event "XV C.to Mondiale seniores"]
[Site "Lignano Sabbiadoro ITA"]
[Date "2005.10.09"]
[Round "11"]
[White "Neumann, Horst"]
[Black "Wagman, Stuart"]
[Result "1/2-1/2"]
[WhiteElo "2003"]
[BlackElo "2142"]
[PlyCount "69"]
[EventDate "2005.09.28"]

1. d4 d5 2. Nf3 Nf6 3. Bg5 h6 4. Bh4 c6 5. c3 Qb6 6. Qb3 Bf5 7. Nbd2 Nbd7 8. e3
e6 9. Be2 Bd6 10. Bg3 Be7 11. h3 O-O 12. O-O c5 13. Qxb6 axb6 14. Bb5 Rfc8 15.
Ne5 Nxe5 16. Bxe5 Ne8 17. Rfe1 Nd6 18. Bxd6 Bxd6 19. a4 e5 20. Nf3 e4 21. Nd2
c4 22. f3 exf3 23. Nxf3 Rc7 24. Kf2 Bd7 25. Bxd7 Rxd7 26. e4 dxe4 27. Nd2 e3+
28. Rxe3 Bf4 29. Re2 Bxd2 30. Rxd2 b5 31. a5 b6 32. a6 Rda7 33. d5 Rxa6 34.
Rxa6 Rxa6 35. Ke3 1/2-1/2

[Event "XV C.to Mondiale seniores"]
[Site "Lignano Sabbiadoro ITA"]
[Date "2005.10.09"]
[Round "11"]
[White "Ofstad, Per"]
[Black "Haug, Kjell Martin"]
[Result "1-0"]
[WhiteElo "2164"]
[BlackElo "1950"]
[PlyCount "69"]
[EventDate "2005.09.28"]

1. e4 e5 2. Nf3 Nc6 3. Bc4 h6 4. d4 exd4 5. Nxd4 d6 6. O-O Be7 7. f4 Na5 8.
Bxf7+ Kxf7 9. Qh5+ Kf8 10. Qxa5 Nf6 11. Nc3 c5 12. Qxd8+ Bxd8 13. Ndb5 Ne8 14.
Nd5 a6 15. Nbc3 b5 16. Be3 Bb7 17. Rad1 b4 18. Ne2 Bxd5 19. Rxd5 Be7 20. e5 Nc7
21. Rd2 d5 22. f5 d4 23. Bf4 Nd5 24. c4 Nb6 25. b3 Bg5 26. e6 Nc8 27. Rd3 Be7
28. Ng3 Ra7 29. Ne4 Ke8 30. Be5 Rh7 31. Rg3 Bd8 32. Nxc5 Nb6 33. Nd3 a5 34. f6
g5 35. Rg4 1-0

[Event "XV C.to Mondiale seniores"]
[Site "Lignano Sabbiadoro ITA"]
[Date "2005.10.09"]
[Round "11"]
[White "Olsen, Willy L."]
[Black "Scarpellini, Felice"]
[Result "1/2-1/2"]
[WhiteElo "2036"]
[BlackElo "1942"]
[PlyCount "29"]
[EventDate "2005.09.28"]

1. d4 Nf6 2. c4 e6 3. Nc3 d5 4. e3 Bb4 5. Bd2 c5 6. Nf3 cxd4 7. exd4 O-O 8. a3
Be7 9. c5 Nc6 10. b4 a6 11. Bd3 Qc7 12. Qe2 Rd8 13. O-O Ne8 14. b5 axb5 15.
Bxb5 1/2-1/2

[Event "XV C.to Mondiale seniores"]
[Site "Lignano Sabbiadoro ITA"]
[Date "2005.10.09"]
[Round "11"]
[White "Parla, Aldo"]
[Black "Acunzo, Domenico"]
[Result "0-1"]
[WhiteElo "1610"]
[BlackElo "1828"]
[PlyCount "72"]
[EventDate "2005.09.28"]

1. f4 d5 2. Nf3 g6 3. e3 Bg7 4. d4 Nf6 5. Be2 Nbd7 6. O-O O-O 7. c4 e6 8. Nc3
c6 9. Ne5 Nxe5 10. fxe5 Nd7 11. cxd5 exd5 12. e4 Nb6 13. exd5 Nxd5 14. Bf3 Be6
15. Nxd5 Bxd5 16. Bxd5 Qxd5 17. Be3 f6 18. exf6 Rxf6 19. Rxf6 Bxf6 20. Qb3 Qxb3
21. axb3 a6 22. Rc1 Rd8 23. Rc4 Rd5 24. h3 Kf7 25. g4 Ke6 26. Kg2 Rb5 27. b4
Be7 28. Bd2 a5 29. bxa5 Rxb2 30. Kf3 Rxd2 31. a6 bxa6 32. Rxc6+ Kd7 33. Rxa6
Rxd4 34. Kg2 Bd6 35. Ra7+ Bc7 36. Ra6 Rd2+ 0-1

[Event "XV C.to Mondiale seniores"]
[Site "Lignano Sabbiadoro ITA"]
[Date "2005.10.09"]
[Round "11"]
[White "Pipitone, Antonio"]
[Black "Belloni, Umberto"]
[Result "1-0"]
[WhiteElo "2041"]
[BlackElo "1910"]
[PlyCount "66"]
[EventDate "2005.09.28"]

1. e4 e6 2. d4 d5 3. Nc3 dxe4 4. Nxe4 Nf6 5. Nxf6+ gxf6 6. Nf3 c5 7. Be3 Qb6 8.
Rb1 Nc6 9. c3 cxd4 10. Nxd4 Bc5 11. Be2 e5 12. Nc2 Bf5 13. Bxc5 Qxc5 14. O-O
Rg8 15. Ra1 Ke7 16. Ne3 Be4 17. Bg4 Rad8 18. Qa4 h5 19. Qxe4 hxg4 20. Rfd1 Rg5
21. Rxd8 Nxd8 22. Rd1 Nc6 23. a4 Ke6 24. Qd3 f5 25. Qd7+ Kf6 26. Qxb7 Ne7 27.
b4 Qxc3 28. Qxe7+ Kxe7 29. Nd5+ Ke6 30. Nxc3 Rg7 31. Nb5 f6 32. Rd6+ Ke7 33.
Ra6 Kf8 1-0

[Event "XV C.to Mondiale seniores"]
[Site "Lignano Sabbiadoro ITA"]
[Date "2005.10.09"]
[Round "11"]
[White "Recubini, Dante"]
[Black "Gestrich, Wolfgang"]
[Result "0-1"]
[WhiteElo "1481"]
[BlackElo "1767"]
[PlyCount "66"]
[EventDate "2005.09.28"]

1. e4 e5 2. Nf3 Nf6 3. Bc4 Nxe4 4. O-O d5 5. Bb3 Nc6 6. Re1 Bc5 7. Re2 Bg4 8.
Rxe4 dxe4 9. Bxf7+ Kxf7 10. Nxe5+ Nxe5 11. Qe1 Qf6 12. Nc3 Bxf2+ 13. Qxf2 Qxf2+
14. Kxf2 Bf5 15. Nd5 c6 16. Ne3 Ng4+ 17. Kg3 Nxe3 18. dxe3 Rhd8 19. b3 Rd1 20.
c4 Rad8 21. Kf4 Rf1+ 22. Kg3 Rdd1 23. h3 Rxc1 24. Rxc1 Rxc1 25. Kf4 Ke6 26. g4
g6 27. gxf5+ gxf5 28. h4 Kf6 29. Kg3 h5 30. Kf4 Rf1+ 31. Kg3 Rf3+ 32. Kg2 Rxe3
33. a4 Rxb3 0-1

[Event "XV C.to Mondiale seniores"]
[Site "Lignano Sabbiadoro ITA"]
[Date "2005.10.09"]
[Round "11"]
[White "Rosenfeld, Imre"]
[Black "Smits, Oswald"]
[Result "1-0"]
[WhiteElo "2047"]
[BlackElo "1962"]
[PlyCount "75"]
[EventDate "2005.09.28"]

1. d4 g6 2. Nf3 Nf6 3. Bg5 Bg7 4. Nbd2 O-O 5. c3 d6 6. e4 h6 7. Bh4 Nbd7 8. Qc2
Qe8 9. Bc4 e5 10. dxe5 Nxe5 11. Nxe5 Qxe5 12. O-O Qe8 13. f4 b6 14. Rae1 Bb7
15. Bxf6 Bxf6 16. e5 Qc6 17. Re2 d5 18. Bd3 Be7 19. Nf3 Bc5+ 20. Kh1 Kh8 21. g4
Be7 22. Nd4 Qe8 23. f5 c5 24. Bb5 Qc8 25. f6 Bxf6 26. exf6 cxd4 27. Qd2 Kh7 28.
cxd4 Ba6 29. Bxa6 Qxa6 30. Rfe1 b5 31. Qf4 Rac8 32. Re3 Rc6 33. Rh3 h5 34. Rf1
Rh8 35. Rxh5+ gxh5 36. Qg5 Rxf6 37. Rxf6 Rg8 38. Qxh5+ 1-0

[Event "XV C.to Mondiale seniores"]
[Site "Lignano Sabbiadoro ITA"]
[Date "2005.10.09"]
[Round "11"]
[White "Rotelli, Pietro"]
[Black "Barlo, Werner"]
[Result "1-0"]
[WhiteElo "2001"]
[BlackElo "1876"]
[PlyCount "159"]
[EventDate "2005.09.28"]

1. d4 Nf6 2. c4 e6 3. Nf3 b6 4. e3 Bb7 5. Be2 Be7 6. O-O O-O 7. Nc3 d5 8. b3
Nbd7 9. Bb2 c5 10. Rc1 Rc8 11. Re1 Re8 12. Bd3 cxd4 13. exd4 h6 14. Ne5 Nxe5
15. dxe5 Nd7 16. cxd5 exd5 17. Bf5 Bg5 18. Rc2 Rc5 19. e6 fxe6 20. Bxe6+ Kh8
21. Ba3 Rc8 22. Nb5 Rxc2 23. Qxc2 Nc5 24. Qg6 Rxe6 25. Rxe6 Nxe6 26. Qxe6 Bc8
27. Qf7 Qd7 28. Nd6 Qxf7 29. Nxf7+ Kh7 30. Nxg5+ hxg5 31. Bc1 Kg6 32. f3 b5 33.
h3 Bf5 34. Kf2 Bb1 35. a3 Ba2 36. b4 d4 37. Bb2 d3 38. Ke3 Bc4 39. Bd4 a6 40.
Bc3 Kf7 41. Bd2 Kg6 42. Kd4 Kf6 43. Kc5 Be6 44. Kb6 Bc8 45. Kc7 Be6 46. Kb7 g4
47. hxg4 Bb3 48. Kxa6 Ba4 49. Kb6 Ke6 50. Kc5 Ke5 51. Be3 g6 52. Bd2 Ke6 53.
Kd4 Bc2 54. Ke4 Kf6 55. f4 Ke6 56. f5+ Kf7 57. g3 Bd1 58. Kf4 Kf6 59. Bc3+ Kf7
60. Kg5 gxf5 61. gxf5 Bf3 62. Kf4 Bd5 63. g4 Bc4 64. g5 Ba2 65. g6+ Kg8 66. f6
Bc4 67. Kg5 Bd5 68. Kh6 Bc4 69. f7+ Bxf7 70. gxf7+ Kxf7 71. Kg5 Ke6 72. Kf4 Kd5
73. Ke3 Kc4 74. Kd2 Kb3 75. Kxd3 Kxa3 76. Kd4 Kb3 77. Be1 Kc2 78. Kc5 Kd3 79.
Kxb5 Kd4 80. Kc6 1-0

[Event "XV C.to Mondiale seniores"]
[Site "Lignano Sabbiadoro ITA"]
[Date "2005.10.09"]
[Round "11"]
[White "Schumacher, Helmut"]
[Black "Ivanets, Vladimir"]
[Result "0-1"]
[WhiteElo "2119"]
[BlackElo "2290"]
[PlyCount "115"]
[EventDate "2005.09.28"]

1. d4 b5 2. Nf3 Nf6 3. Bf4 Bb7 4. e3 a6 5. Nbd2 e6 6. h3 Be7 7. Bd3 c5 8. c3 d6
9. O-O Nc6 10. Bh2 e5 11. Qe2 exd4 12. exd4 O-O 13. dxc5 dxc5 14. Rad1 Re8 15.
Ne4 Qb6 16. Rfe1 Nxe4 17. Qxe4 g6 18. Qf4 Rac8 19. Ng5 Bxg5 20. Qxg5 Rxe1+ 21.
Rxe1 Qd8 22. Qe3 Qd5 23. a3 Na5 24. Be4 Qxe4 25. Qxe4 Bxe4 26. Rxe4 Nc4 27. Re2
Rd8 28. Bf4 Kg7 29. Be3 Rd1+ 30. Kh2 Nxe3 31. fxe3 c4 32. g4 h6 33. Kg3 Kf6 34.
Rf2+ Ke6 35. h4 Re1 36. Kf4 Rh1 37. Kg3 f5 38. gxf5+ gxf5 39. Rd2 Ke5 40. Rd4
Rb1 41. Rd2 Rg1+ 42. Kf3 Rh1 43. Kg3 Ke4 44. Rf2 Rg1+ 45. Kh3 Rb1 46. Kg3 Kxe3
47. Rxf5 Rxb2 48. Rf6 Rb3 49. Rxh6 Rxa3 50. Re6+ Kd2 51. h5 Rxc3+ 52. Kg4 Rc1
53. Rxa6 b4 54. Ra2+ Kc3 55. Rh2 Rg1+ 56. Kf3 Rg8 57. Ke4 b3 58. Rh3+ 0-1

[Event "XV C.to Mondiale seniores"]
[Site "Lignano Sabbiadoro ITA"]
[Date "2005.10.09"]
[Round "11"]
[White "Schwertel, Johann"]
[Black "Dinser, Hans"]
[Result "1/2-1/2"]
[WhiteElo "2068"]
[BlackElo "1997"]
[PlyCount "54"]
[EventDate "2005.09.28"]

1. d4 d5 2. Nf3 Nf6 3. Bf4 Bf5 4. c3 Nc6 5. e3 Bxb1 6. Rxb1 e6 7. Bb5 Bd6 8.
Bg5 a6 9. Bd3 h6 10. Bh4 g5 11. Bg3 Ne4 12. Nd2 Bxg3 13. hxg3 Nxd2 14. Qxd2 f5
15. g4 Qf6 16. gxf5 exf5 17. Qe2 Ne7 18. Qf3 Qb6 19. Qd1 O-O-O 20. Kd2 Kb8 21.
b4 Rdf8 22. a4 f4 23. e4 f3 24. g3 dxe4 25. Bxe4 Nf5 26. Kc2 Nd6 27. Bxf3 Nc4
1/2-1/2

[Event "XV C.to Mondiale seniores"]
[Site "Lignano Sabbiadoro ITA"]
[Date "2005.10.09"]
[Round "11"]
[White "Serra Olives, Tomas"]
[Black "Araujo, Mario Augusto Reis Da Silva"]
[Result "1-0"]
[WhiteElo "2128"]
[BlackElo "1957"]
[PlyCount "83"]
[EventDate "2005.09.28"]

1. e4 c5 2. Nf3 d6 3. d4 cxd4 4. Nxd4 Nf6 5. Nc3 a6 6. Be3 e5 7. Nb3 Be6 8. Qd2
Qc7 9. f4 exf4 10. Bxf4 Nbd7 11. O-O-O Ne5 12. h3 Be7 13. g4 Nfd7 14. Nd4 Nb6
15. Nf5 Bxf5 16. exf5 O-O 17. g5 Rfe8 18. Ne4 Rac8 19. Qg2 Kh8 20. Kb1 d5 21.
f6 dxe4 22. fxe7 Rxe7 23. Qxe4 Qc6 24. Qxc6 Nxc6 25. b3 Rd7 26. Bg2 Kg8 27. c4
Rcd8 28. Rxd7 Rxd7 29. Re1 Kf8 30. Be3 Nc8 31. Bc5+ N8e7 32. b4 Nd8 33. Bd5
Ndc6 34. a4 Ke8 35. b5 axb5 36. axb5 Nd8 37. b6 h6 38. h4 hxg5 39. hxg5 f6 40.
gxf6 Ndc6 41. Bxc6 bxc6 42. Rxe7+ 1-0

[Event "XV C.to Mondiale seniores"]
[Site "Lignano Sabbiadoro ITA"]
[Date "2005.10.09"]
[Round "11"]
[White "Seuss, Oswald"]
[Black "Titz, Heimo"]
[Result "0-1"]
[WhiteElo "2080"]
[BlackElo "2184"]
[PlyCount "138"]
[EventDate "2005.09.28"]

1. e4 c5 2. c3 d5 3. exd5 Qxd5 4. d4 Nf6 5. Nf3 e6 6. Be3 cxd4 7. cxd4 Nc6 8.
Nc3 Qd6 9. a3 Be7 10. Bd3 b6 11. O-O O-O 12. Qe2 Bb7 13. Rad1 Rac8 14. Bb1 Rfe8
15. Rfe1 Qb8 16. h3 Na5 17. Ng5 Bxa3 18. Nce4 Bxe4 19. Nxe4 Nxe4 20. Bxe4 Bf8
21. d5 Rcd8 22. dxe6 Rxe6 23. Bd5 Ree8 24. Qf3 Qc7 25. Rc1 Qd7 26. Red1 Bd6 27.
Bg5 Rc8 28. Bd2 Rxc1 29. Rxc1 Rb8 30. Bxa5 bxa5 31. b3 g6 32. g3 Qe7 33. Rc6
Rd8 34. Rc4 Kg7 35. Re4 Qf6 36. Qxf6+ Kxf6 37. Bc6 Be5 38. Re2 Rd3 39. Ba4 h5
40. Kg2 h4 41. gxh4 Rd4 42. Re3 Rxh4 43. Rf3+ Ke6 44. Be8 Bf4 45. Rd3 Rh8 46.
Bb5 f6 47. Bc4+ Ke7 48. Bb5 Rb8 49. Rd7+ Ke6 50. Ba4 Rxb3 51. Rxa7 Rb2 52. Rxa5
Be3 53. Kf3 Bxf2 54. Be8 g5 55. Bg6 Bb6 56. Ra6 f5 57. Kg3 Rb3+ 58. Kg2 Ke5 59.
Ra1 Rb2+ 60. Kg3 Kf6 61. Bh5 Bc7+ 62. Kf3 Rh2 63. Be8 Rxh3+ 64. Kf2 g4 65. Bc6
Rc3 66. Bb7 Kg5 67. Ra2 Bb6+ 68. Kg2 f4 69. Rb2 f3+ 0-1

[Event "XV C.to Mondiale seniores"]
[Site "Lignano Sabbiadoro ITA"]
[Date "2005.10.09"]
[Round "11"]
[White "Shestoperov, Aleksej"]
[Black "Wagner, Carl E."]
[Result "1/2-1/2"]
[WhiteElo "2432"]
[BlackElo "2189"]
[PlyCount "69"]
[EventDate "2005.09.28"]

1. Nf3 c5 2. c4 Nf6 3. Nc3 e6 4. g3 b6 5. Bg2 Bb7 6. O-O Be7 7. Re1 d5 8. cxd5
Nxd5 9. e4 Nc7 10. d4 cxd4 11. Nxd4 O-O 12. Be3 Nc6 13. e5 Na5 14. Bxb7 Nxb7
15. Qg4 Kh8 16. Red1 Qe8 17. Rac1 Rd8 18. Ne4 Nd5 19. Bg5 Bxg5 20. Nxg5 h6 21.
Ne4 Rc8 22. Qe2 Qd7 23. Nb5 a6 24. Nbc3 b5 25. Qd2 Rfd8 26. Nxd5 Rxc1 27. Qxc1
exd5 28. Nd6 Nxd6 29. Rxd5 Qe6 30. Qd1 Nb7 31. Rxd8+ Nxd8 32. Qxd8+ Kh7 33.
Qd3+ Kg8 34. Qd8+ Kh7 35. Qd3+ 1/2-1/2

[Event "XV C.to Mondiale seniores"]
[Site "Lignano Sabbiadoro ITA"]
[Date "2005.10.09"]
[Round "11"]
[White "Siegmund, Rainer"]
[Black "Joksic, Sinisa"]
[Result "0-1"]
[WhiteElo "2128"]
[BlackElo "2282"]
[PlyCount "80"]
[EventDate "2005.09.28"]

1. d4 f5 2. g3 Nf6 3. Bg2 g6 4. c4 Bg7 5. Nc3 d6 6. d5 O-O 7. Nh3 Nbd7 8. Nf4
Ne5 9. b3 c5 10. Bb2 Rb8 11. O-O a6 12. a4 g5 13. Nd3 Qe8 14. Nxe5 dxe5 15. a5
f4 16. Na4 Qh5 17. f3 e4 18. Be5 Bh3 19. Ra2 Rbd8 20. Nxc5 e3 21. Bxf6 fxg3 22.
hxg3 Bxf6 23. Qd3 Be5 24. Qxe3 Bxg3 25. Bxh3 Rd6 26. Kg2 Bf4 27. Qf2 g4 28.
fxg4 Rg6 29. Qf3 e5 30. e4 Qh4 31. Ne6 h5 32. g5 Rff6 33. Kh1 Bxg5 34. Qd3 Be3
35. Rh2 Qg3 36. Bg2 Rf2 37. Rxf2 Qxf2 38. Qd1 h4 39. Ng5 Rxg5 40. d6 h3 0-1